[Event "CAN-op"]
[Site "Edmonton CAN"]
[Date "2000.07.08"]
[Round "1"]
[White "Goude, Brian"]
[Black "Carayanniotis, Jason"]
[Result "1-0"]
[WhiteElo "1868"]
[BlackElo "977"]
[PlyCount "96"]
[GameId "2160767911682005"]
[EventDate "2000.07.08"]
[EventType "swiss"]
[EventRounds "10"]
[EventCountry "CAN"]

1. e4 d5 2. exd5 Nf6 3. Bb5+ c6 4. dxc6 Nxc6 5. Nf3 Bf5 6. O-O e6 7. Bxc6+ bxc6 8. Ne5 Qd5 9. d4 Rd8 10. Be3 Bd6 11. Nc3 Qa5 12. Nxc6 Qb6 13. Nxd8 Qxd8 14. Ne2 O-O 15. Ng3 Ng4 16. Qf3 Qh4 17. h3 Nxe3 18. fxe3 Bxg3 19. c3 g5 20. e4 Bxe4 21. Qg4 Qxg4 22. hxg4 f5 23. gxf5 Rxf5 24. Rxf5 exf5 25. c4 h5 26. d5 g4 27. Rd1 Kf8 28. b4 h4 29. d6 Ke8 30. b5 h3 31. c5 hxg2 32. c6 Kd8 33. a4 f4 34. Rd4 Bf3 35. d7 Bxc6 36. bxc6 f3 37. Rxg4 Bc7 38. Rg8+ Ke7 39. Re8+ Kd6 40. d8=Q+ Bxd8 41. Rxd8+ Kc7 42. Rd3 Kxc6 43. Rxf3 Kc5 44. Kxg2 a5 45. Rf4 Kb6 46. Rf5 Ka6 47. Kf3 Kb6 48. Rb5+ Ka6 1-0

[Event "CAN-op"]
[Site "Edmonton CAN"]
[Date "2000.07.08"]
[Round "1"]
[White "Hellsten, Ole"]
[Black "Das, Samir"]
[Result "1-0"]
[WhiteElo "1979"]
[BlackElo "1396"]
[PlyCount "65"]
[GameId "2160767911682008"]
[EventDate "2000.07.08"]
[EventType "swiss"]
[EventRounds "10"]
[EventCountry "CAN"]

1. d4 d5 2. Nf3 Nc6 3. c3 Nf6 4. Bg5 Bg4 5. Nbd2 e6 6. e3 Be7 7. Bb5 Qd7 8. Qa4 O-O 9. Ne5 Qc8 10. Bxc6 bxc6 11. Nxg4 Qb7 12. Qb3 Qa6 13. Nxf6+ Bxf6 14. Bxf6 gxf6 15. Qc2 Rab8 16. Nb3 f5 17. Nc5 Qc8 18. g4 fxg4 19. h3 g3 20. Rg1 Kh8 21. O-O-O e5 22. Rxg3 e4 23. f4 Rg8 24. Rdg1 Rg6 25. Rxg6 hxg6 26. Qg2 Rb5 27. h4 Qf5 28. h5 Kg7 29. hxg6 fxg6 30. Rh1 Ra5 31. Qh2 Rxa2 32. Qh8+ Kf7 33. Rh7# 1-0

[Event "CAN-op"]
[Site "Edmonton CAN"]
[Date "2000.07.08"]
[Round "1"]
[White "Hinds, Riana"]
[Black "Veszely, Frank"]
[Result "0-1"]
[WhiteElo "1295"]
[BlackElo "1936"]
[PlyCount "50"]
[GameId "2160767911682009"]
[EventDate "2000.07.08"]
[EventType "swiss"]
[EventRounds "10"]
[EventCountry "CAN"]

1. e4 c5 2. Nc3 Nc6 3. g3 e6 4. d3 d5 5. Bg2 d4 6. Nce2 e5 7. Nf3 Be7 8. O-O h5 9. c3 h4 10. cxd4 cxd4 11. Bd2 hxg3 12. fxg3 Bg4 13. Be1 Qd7 14. Qd2 Nh6 15. Ng5 Bxe2 16. Qxe2 Bxg5 17. Qf3 Ng4 18. h3 Ne3 19. Rf2 Nxg2 20. Qxg2 Be3 21. g4 O-O-O 22. Kf1 Bxf2 23. Bxf2 Qd6 24. Ke2 Qb4 25. Rb1 Qa4 0-1

[Event "CAN-op"]
[Site "Edmonton CAN"]
[Date "2000.07.08"]
[Round "1"]
[White "Hughey, Micah"]
[Black "Kleist, Carol"]
[Result "1-0"]
[WhiteElo "2082"]
[BlackElo "1607"]
[PlyCount "81"]
[GameId "2160767911682011"]
[EventDate "2000.07.08"]
[EventType "swiss"]
[EventRounds "10"]
[EventCountry "CAN"]

1. e4 e6 2. d4 d5 3. Nd2 c5 4. exd5 Qxd5 5. Ngf3 Nc6 6. Bc4 Qd8 7. Nb3 cxd4 8. Nbxd4 Nxd4 9. Qxd4 Qxd4 10. Nxd4 Bc5 11. Nb5 Bb6 12. Bf4 Nf6 13. Bc7 O-O 14. Bxb6 axb6 15. O-O-O Bd7 16. a3 Bc6 17. f3 Nd5 18. Bxd5 exd5 19. Nc3 Rfd8 20. Rd4 Rd7 21. Rhd1 Rad8 22. R1d3 Kf8 23. Rb4 d4 24. Ne2 b5 25. Rbxd4 Rxd4 26. Nxd4 Ke8 27. Nxc6 bxc6 28. Rxd8+ Kxd8 29. Kd2 Ke7 30. Kd3 Ke6 31. Kd4 Kd6 32. b4 f5 33. f4 h6 34. h4 g6 35. g3 Kd7 36. Kc5 Kc7 37. c4 bxc4 38. Kxc4 Kd6 39. a4 Kc7 40. Kc5 Kd7 41. Kb6 1-0

[Event "CAN-op"]
[Site "Edmonton CAN"]
[Date "2000.07.08"]
[Round "1"]
[White "Jewlal, Derrick"]
[Black "Martin, Steve"]
[Result "1-0"]
[WhiteElo "1908"]
[BlackElo "1266"]
[PlyCount "133"]
[GameId "2160767911682012"]
[EventDate "2000.07.08"]
[EventType "swiss"]
[EventRounds "10"]
[EventCountry "CAN"]

1. e4 c5 2. Nf3 Nc6 3. Nc3 d6 4. h3 Nf6 5. Be2 e6 6. O-O a6 7. b3 d5 8. e5 Nd7 9. Re1 Qc7 10. Bb2 d4 11. Ne4 Ncxe5 12. d3 b6 13. c3 dxc3 14. Nxc3 Bd6 15. Ne4 Be7 16. Rc1 Bb7 17. Qd2 O-O 18. Nxe5 Nxe5 19. Qc3 Bxe4 20. dxe4 Bf6 21. Rc2 Ng4 22. e5 Bxe5 23. Qc4 Bh2+ 24. Kf1 Nxf2 25. Bf3 Rad8 26. Rxf2 Bg3 27. Qg4 g6 28. Rfe2 Bxe1 29. Kxe1 Qh2 30. Kf2 Rd1 31. Be5 Qg1+ 32. Kg3 h6 33. Bf6 Rd6 34. Qf4 e5 35. Bxe5 g5 36. Qf5 Re6 37. Be4 Rg6 38. Bd5 Rg7 39. Bxg7 Kxg7 40. Rf2 Qc1 41. Qf6+ Kh7 42. Be4+ Kg8 43. Qf5 Qc3+ 44. Kh2 Qg7 45. Bd5 Qh7 46. Qf6 b5 47. g3 Qg7 48. Qf5 b4 49. Bc4 a5 50. Qxc5 Qa1 51. Qc7 Qg7 52. Qxa5 g4 53. h4 Qd4 54. Qf5 Qa7 55. Qxg4+ Kh8 56. Qf4 Kg7 57. Qf6+ Kg8 58. Rf4 Qd7 59. Rd4 Qc8 60. Qxh6 Re8 61. Qg5+ Kf8 62. h5 Qb7 63. Qf6 Re2+ 64. Bxe2 Qh1+ 65. Kxh1 Kg8 66. Rd8+ Kh7 67. Bd3# 1-0

[Event "CAN-op"]
[Site "Edmonton CAN"]
[Date "2000.07.08"]
[Round "1"]
[White "Jiganchine, Roman"]
[Black "Deimert, Elroy"]
[Result "1-0"]
[WhiteElo "2199"]
[BlackElo "1713"]
[PlyCount "79"]
[GameId "2160767911682013"]
[EventDate "2000.07.08"]
[EventType "swiss"]
[EventRounds "10"]
[EventCountry "CAN"]

1. d4 Nf6 2. c4 e5 3. dxe5 Ng4 4. Nf3 Nc6 5. e3 Bb4+ 6. Bd2 Bxd2+ 7. Qxd2 Ngxe5 8. Nxe5 Nxe5 9. Be2 O-O 10. O-O d6 11. Nc3 Be6 12. b3 a6 13. Rad1 Re8 14. Nd5 b5 15. cxb5 axb5 16. Nf4 Bd7 17. Rc1 Rb8 18. Rfd1 Rb6 19. Rc2 Bf5 20. Rc3 b4 21. Rcc1 Rb7 22. Nd5 c5 23. Nf4 Rb6 24. Rxc5 g5 25. Nh5 Re6 26. Qd4 Qf8 27. Rc7 Rc6 28. Rc1 Rxc1+ 29. Rxc1 Bg6 30. Ng3 f5 31. f4 gxf4 32. exf4 Nf7 33. Qxb4 Re8 34. Bc4 Qg7 35. Rd1 Kh8 36. Bxf7 Bxf7 37. Qxd6 h5 38. Nxf5 Qg4 39. Qf6+ Kg8 40. Nh6+ 1-0

[Event "CAN-op"]
[Site "Edmonton CAN"]
[Date "2000.07.08"]
[Round "1"]
[White "Kaptsan, Aron"]
[Black "Marks, Terry"]
[Result "1-0"]
[WhiteElo "2073"]
[BlackElo "1593"]
[PlyCount "57"]
[GameId "2160767911682014"]
[EventDate "2000.07.08"]
[EventType "swiss"]
[EventRounds "10"]
[EventCountry "CAN"]

1. d4 Nf6 2. c4 e6 3. Nc3 Bb4 4. Qc2 c5 5. dxc5 Nc6 6. Nf3 Bxc5 7. Bg5 Qa5 8. Bxf6 gxf6 9. e3 Ne7 10. Bd3 Ng6 11. O-O Be7 12. Rfd1 Qd8 13. a3 b6 14. b4 Bb7 15. Be4 Bxe4 16. Nxe4 d6 17. Nd4 Rc8 18. Nb5 d5 19. Qa4 O-O 20. cxd5 exd5 21. Nec3 Kg7 22. Qxa7 f5 23. Rxd5 Qe8 24. Qxb6 Rxc3 25. Nxc3 Bf6 26. Rc1 Bxc3 27. Rxc3 Qe4 28. Qd4+ Qxd4 29. Rxd4 1-0

[Event "CAN-op"]
[Site "Edmonton CAN"]
[Date "2000.07.08"]
[Round "1"]
[White "Kekely, John"]
[Black "Blakely, Grant"]
[Result "1-0"]
[WhiteElo "1799"]
[BlackElo "1147"]
[PlyCount "79"]
[GameId "2160767911682015"]
[EventDate "2000.07.08"]
[EventType "swiss"]
[EventRounds "10"]
[EventCountry "CAN"]

1. e4 e5 2. Nf3 Nc6 3. Bc4 Nf6 4. Ng5 h6 5. Nxf7 Qe7 6. Nxh8 Nxe4 7. Qh5+ g6 8. Qxg6+ Kd8 9. Nf7+ Ke8 10. Nd6+ Kd8 11. Nxe4 d6 12. Nbc3 Bd7 13. Nd5 Qg7 14. Qxg7 Bxg7 15. c3 Bf5 16. d3 Kd7 17. g4 Bg6 18. Be3 a6 19. Bb6 Rf8 20. Bxc7 b5 21. Bb3 h5 22. Bxd6 Rf3 23. Ke2 hxg4 24. Nb6+ Ke8 25. Be6 Bh5 26. Ng3 Bg6 27. Bd7+ Kf7 28. Bxc6 Bxd3+ 29. Ke1 e4 30. Nxe4 g3 31. Ng5+ Kf6 32. Nxf3 gxf2+ 33. Kxf2 Ke6 34. Bc7 a5 35. Rae1+ Kf5 36. Bd7+ Kf6 37. Nd5+ Kf7 38. Re7+ Kf8 39. Ng5 Bc4 40. Re8# 1-0

[Event "CAN-op"]
[Site "Edmonton CAN"]
[Date "2000.07.08"]
[Round "1"]
[White "Kesteris, Imants"]
[Black "Lipnowski, Irwin"]
[Result "0-1"]
[WhiteElo "1744"]
[BlackElo "2349"]
[PlyCount "84"]
[GameId "2160767911682016"]
[EventDate "2000.07.08"]
[EventType "swiss"]
[EventRounds "10"]
[EventCountry "CAN"]

1. e4 c5 2. Nc3 Nc6 3. f4 g6 4. Nf3 Bg7 5. Bc4 e6 6. O-O Nge7 7. d3 O-O 8. Qe1 d5 9. Bb3 Na5 10. Bd2 c4 11. Ba4 Nec6 12. e5 a6 13. Bxc6 Nxc6 14. d4 Qb6 15. Na4 Qa7 16. c3 b6 17. b3 cxb3 18. axb3 Na5 19. Qb1 Bd7 20. c4 Nc6 21. c5 bxc5 22. dxc5 Rab8 23. Nb6 Rxb6 24. cxb6 Qxb6+ 25. Kh1 f6 26. Qb2 fxe5 27. fxe5 Rf5 28. Bc3 g5 29. g4 Rxf3 30. Rxf3 d4 31. Be1 Nxe5 32. Rg3 Bc6+ 33. Kg1 Nf3+ 34. Rxf3 Bxf3 35. Bf2 e5 36. Qc2 Qe6 37. h3 e4 38. Qc4 Qxc4 39. bxc4 e3 40. Be1 d3 41. Ra2 Bd4 42. Kh2 Bd1 0-1

[Event "CAN-op"]
[Site "Edmonton CAN"]
[Date "2000.07.08"]
[Round "1"]
[White "Klokow, John"]
[Black "Spraggett, Kevin"]
[Result "0-1"]
[WhiteElo "1783"]
[BlackElo "2653"]
[PlyCount "44"]
[GameId "2160767911682017"]
[EventDate "2000.07.08"]
[EventType "swiss"]
[EventRounds "10"]
[EventCountry "CAN"]

1. e4 c5 2. Nf3 e6 3. d4 cxd4 4. Nxd4 a6 5. Nc3 Qc7 6. g3 Bb4 7. Bd2 Nf6 8. Bg2 Be7 9. O-O d6 10. Qe2 O-O 11. Rad1 Nc6 12. Nxc6 bxc6 13. Kh1 a5 14. Rfe1 Ba6 15. Qe3 Ng4 16. Qf4 Ne5 17. h4 h6 18. b3 c5 19. Bc1 c4 20. Bb2 Rab8 21. Bf1 f5 22. Kg1 fxe4 0-1

[Event "CAN-op"]
[Site "Edmonton CAN"]
[Date "2000.07.08"]
[Round "1"]
[White "Kuczaj, Chris"]
[Black "Lipnowski, Michael"]
[Result "1-0"]
[WhiteElo "2072"]
[BlackElo "1618"]
[PlyCount "65"]
[GameId "2160767911682018"]
[EventDate "2000.07.08"]
[EventType "swiss"]
[EventRounds "10"]
[EventCountry "CAN"]

1. Nf3 Nf6 2. c4 g6 3. Nc3 Bg7 4. e4 d6 5. d4 O-O 6. Be2 e5 7. O-O Nc6 8. d5 Ne7 9. b4 Ne8 10. c5 f5 11. Ng5 Rf6 12. Qb3 h6 13. Ne6 Rxe6 14. dxe6 fxe4 15. Nd5 Nxd5 16. Qxd5 Qe7 17. Qxe4 g5 18. Bb2 Nf6 19. Qc2 Bxe6 20. Rac1 Rc8 21. cxd6 cxd6 22. Qa4 a6 23. b5 axb5 24. Rxc8+ Bxc8 25. Qa8 Qe8 26. Rc1 Be6 27. Qxb7 Nd5 28. Bxb5 Qh5 29. Bc4 Nf4 30. Qc8+ Kh7 31. Bxe6 Ne2+ 32. Kf1 Nxc1 33. Bf5+ 1-0

[Event "CAN-op"]
[Site "Edmonton CAN"]
[Date "2000.07.08"]
[Round "1"]
[White "Labik, Peter"]
[Black "Grumic, Sasha"]
[Result "0-1"]
[WhiteElo "1717"]
[BlackElo "2233"]
[PlyCount "88"]
[GameId "2160767911682019"]
[EventDate "2000.07.08"]
[EventType "swiss"]
[EventRounds "10"]
[EventCountry "CAN"]

1. e4 c5 2. Nf3 d6 3. Bb5+ Bd7 4. Qe2 Nc6 5. d3 g6 6. O-O Bg7 7. Nc3 Nd4 8. Bxd7+ Qxd7 9. Nxd4 cxd4 10. Nd5 e6 11. Nf4 Rc8 12. Rd1 Ne7 13. b3 O-O 14. Ba3 Rc6 15. Rab1 Rfc8 16. Rb2 b5 17. Bb4 Qc7 18. a3 a5 19. Be1 d5 20. f3 h6 21. Rc1 e5 22. Nh3 f5 23. Nf2 Qb6 24. Qd2 h5 25. Qg5 Kf7 26. Qd2 dxe4 27. fxe4 Ng8 28. Qxa5 Qxa5 29. Bxa5 Bh6 30. Rf1 Rxc2 31. Rxc2 Rxc2 32. exf5 gxf5 33. Ne4 Ke6 34. Ng3 Be3+ 35. Kh1 Nh6 36. h3 h4 37. Nh5 f4 38. Rf3 Rc1+ 39. Kh2 Bg1+ 40. Kh1 Bf2+ 41. Kh2 Bg3+ 42. Nxg3 hxg3+ 43. Rxg3 fxg3+ 44. Kxg3 Nf5+ 0-1

[Event "CAN-op"]
[Site "Edmonton CAN"]
[Date "2000.07.08"]
[Round "1"]
[White "Lacroix, Peter"]
[Black "Marghetis, Aris"]
[Result "0-1"]
[WhiteElo "1423"]
[BlackElo "2009"]
[PlyCount "100"]
[GameId "2160767911682020"]
[EventDate "2000.07.08"]
[EventType "swiss"]
[EventRounds "10"]
[EventCountry "CAN"]

1. e4 d6 2. d4 Nf6 3. Nc3 g6 4. Nf3 Bg7 5. Bc4 O-O 6. O-O Nbd7 7. Be3 Ng4 8. Qd2 Nxe3 9. fxe3 e5 10. Qf2 c6 11. a4 Qe7 12. Ne2 Nf6 13. Qh4 exd4 14. Ng5 h6 15. Nxf7 Rxf7 16. Bxf7+ Qxf7 17. exd4 Qe7 18. Nc3 g5 19. Qf2 Be6 20. b3 Rf8 21. Qe3 Bf7 22. h3 Re8 23. Rae1 Bg6 24. e5 Nd7 25. e6 Nb6 26. Rf7 Bxf7 27. exf7+ Kxf7 28. Qf3+ Qf6 29. Qh5+ Qg6 30. Qxg6+ Kxg6 31. Rxe8 Bxd4+ 32. Kf1 Bxc3 33. Re6+ Bf6 34. Rxd6 Kf5 35. c4 Ke5 36. Rd3 Ke6 37. Ke2 Nd7 38. g4 Nc5 39. Rf3 Nd7 40. Rd3 Be5 41. Kf3 Bf4 42. Rxd7 Kxd7 43. Ke4 Ke6 44. Kd4 b6 45. c5 Bd2 46. cxb6 axb6 47. Ke4 c5 48. Kd3 Bb4 49. Kc4 Ke5 50. Kb5 Ba5 0-1

[Event "CAN-op"]
[Site "Edmonton CAN"]
[Date "2000.07.08"]
[Round "1"]
[White "Lentini, Joseph"]
[Black "MacNab, John"]
[Result "1-0"]
[WhiteElo "2153"]
[BlackElo "1674"]
[PlyCount "93"]
[GameId "2160767911682021"]
[EventDate "2000.07.08"]
[EventType "swiss"]
[EventRounds "10"]
[EventCountry "CAN"]

1. e4 c5 2. Nc3 Nc6 3. g3 Nf6 4. Bg2 e6 5. d3 Be7 6. Nge2 O-O 7. O-O d5 8. exd5 exd5 9. Bg5 Be6 10. Nf4 d4 11. Bxf6 Bxf6 12. Ncd5 Bd7 13. Nxf6+ Qxf6 14. Nd5 Qd8 15. Re1 Rc8 16. Qd2 Be6 17. Nf4 Bd7 18. Re2 Re8 19. Rxe8+ Qxe8 20. Re1 Qf8 21. Be4 Ne7 22. Qe2 Bc6 23. Bxc6 Nxc6 24. Nd5 Rd8 25. Ne7+ Nxe7 26. Qxe7 Rb8 27. Re5 Qxe7 28. Rxe7 a5 29. Kg2 Kf8 30. Re5 b6 31. Kf3 f6 32. Re6 Kf7 33. Re4 Rd8 34. Ke2 Rd5 35. Kd2 Re5 36. c3 dxc3+ 37. Kxc3 Rxe4 38. dxe4 b5 39. a4 bxa4 40. Kc4 Ke6 41. Kxc5 Ke5 42. f3 a3 43. bxa3 f5 44. exf5 Kxf5 45. Kb5 Ke5 46. Kxa5 Kd4 47. Kb6 1-0

[Event "CAN-op"]
[Site "Edmonton CAN"]
[Date "2000.07.08"]
[Round "1"]
[White "Long, Hugh"]
[Black "Chi, Jonathan"]
[Result "1-0"]
[WhiteElo "1928"]
[BlackElo "1392"]
[PlyCount "41"]
[GameId "2160767911682022"]
[EventDate "2000.07.08"]
[EventType "swiss"]
[EventRounds "10"]
[EventCountry "CAN"]

1. e4 c5 2. Nf3 d6 3. c3 Nf6 4. h3 Nxe4 5. Qa4+ Nc6 6. Qxe4 Bd7 7. d4 cxd4 8. cxd4 Qc7 9. Nc3 g6 10. Bb5 Bg7 11. Nd5 Qd8 12. O-O e6 13. Nc3 O-O 14. Bf4 Qc7 15. Rac1 Rad8 16. Qe3 a6 17. Bxc6 Bxc6 18. Bh6 Bxf3 19. Bxg7 Bxg2 20. Bf6 Qe7 21. Bxe7 1-0

[Event "CAN-op"]
[Site "Edmonton CAN"]
[Date "2000.07.08"]
[Round "1"]
[White "Ludwig, David"]
[Black "Schmitz, Andreas"]
[Result "0-1"]
[WhiteElo "1801"]
[BlackElo "2182"]
[PlyCount "56"]
[GameId "2160767911682023"]
[EventDate "2000.07.08"]
[EventType "swiss"]
[EventRounds "10"]
[EventCountry "CAN"]

1. c4 c6 2. e4 e5 3. Nf3 Nf6 4. Nxe5 Bd6 5. Nf3 Nxe4 6. Be2 O-O 7. O-O Bf4 8. d4 Bxc1 9. Qxc1 d5 10. Nc3 Nxc3 11. Qxc3 dxc4 12. Bxc4 Nd7 13. Rfe1 Nb6 14. Bb3 Nd5 15. Qc5 Be6 16. Rad1 Nf4 17. Bxe6 Nxe6 18. Qf5 g6 19. Qe5 Nc7 20. Qc5 Nd5 21. Re4 Re8 22. Rde1 Rxe4 23. Rxe4 Qd7 24. a3 f6 25. Qc2 Re8 26. Kf1 Re7 27. Ng1 Qf5 28. Re2 Ne3+ 0-1

[Event "CAN-op"]
[Site "Edmonton CAN"]
[Date "2000.07.08"]
[Round "1"]
[White "MacFarlane, Donald"]
[Black "Lee, Jason"]
[Result "0-1"]
[WhiteElo "1484"]
[BlackElo "1958"]
[PlyCount "40"]
[GameId "2160767911682024"]
[EventDate "2000.07.08"]
[EventType "swiss"]
[EventRounds "10"]
[EventCountry "CAN"]

1. e4 c5 2. f4 d5 3. exd5 Nf6 4. Nf3 Nxd5 5. d3 Nc6 6. Be2 e6 7. c4 Nf6 8. Nbd2 g6 9. Nb3 Bg7 10. O-O b6 11. d4 cxd4 12. Nbxd4 Nxd4 13. Qxd4 Bb7 14. Rd1 O-O 15. Be3 Qc7 16. Qe5 Qc6 17. Rd6 Qc8 18. Bd4 Ne8 19. Qe3 Nxd6 20. Bxg7 Nf5 0-1

[Event "CAN-op"]
[Site "Edmonton CAN"]
[Date "2000.07.08"]
[Round "1"]
[White "MacFie, Bob"]
[Black "Predescu, Sebastian"]
[Result "1/2-1/2"]
[WhiteElo "1627"]
[BlackElo "2076"]
[PlyCount "52"]
[GameId "2160767911682025"]
[EventDate "2000.07.08"]
[EventType "swiss"]
[EventRounds "10"]
[EventCountry "CAN"]

1. f4 d5 2. e3 Nf6 3. Nf3 Bf5 4. b3 e6 5. Bb2 Nbd7 6. Nc3 Bd6 7. Ne2 O-O 8. Ng3 Bg6 9. Ne5 c6 10. Be2 Qc7 11. d4 a5 12. c4 a4 13. Nxg6 hxg6 14. c5 Qa5+ 15. Qd2 Qxd2+ 16. Kxd2 Bc7 17. b4 Bd8 18. h4 Be7 19. Bf3 b5 20. a3 Bd8 21. Ne2 Ne4+ 22. Bxe4 dxe4 23. g4 f5 24. g5 Kf7 25. Rag1 Rh8 26. Ng3 Bc7 1/2-1/2

[Event "CAN-op"]
[Site "Edmonton CAN"]
[Date "2000.07.08"]
[Round "1"]
[White "Mair, Bob"]
[Black "Boehmer, Kris"]
[Result "0-1"]
[WhiteElo "1695"]
[BlackElo "2140"]
[PlyCount "56"]
[GameId "2160767911682026"]
[EventDate "2000.07.08"]
[EventType "swiss"]
[EventRounds "10"]
[EventCountry "CAN"]

1. b4 d5 2. Bb2 Nd7 3. Nf3 Ngf6 4. e3 e6 5. a3 Bd6 6. g4 e5 7. c4 c6 8. c5 Bc7 9. g5 Ng8 10. Bh3 Qe7 11. Rg1 Nxc5 12. Bxc8 Nd3+ 13. Kf1 Nxb2 14. Qc2 Rxc8 15. Qxb2 Qe6 16. d3 Ne7 17. Nbd2 O-O 18. e4 Ng6 19. Rg3 Rfe8 20. Kg1 Nf4 21. Nf1 Nxd3 22. Qc2 dxe4 23. Ne1 Rcd8 24. Nxd3 exd3 25. Rxd3 Rxd3 26. Qxd3 e4 27. Qe2 Qe5 28. Rc1 Qxg5+ 0-1

[Event "CAN-op"]
[Site "Edmonton CAN"]
[Date "2000.07.08"]
[Round "1"]
[White "Malito, Skylar"]
[Black "Allan, Phillip"]
[Result "1-0"]
[WhiteElo "1505"]
[BlackElo "2037"]
[PlyCount "93"]
[GameId "2160767911682027"]
[EventDate "2000.07.08"]
[EventType "swiss"]
[EventRounds "10"]
[EventCountry "CAN"]

1. Nc3 Nf6 2. e4 d6 3. Nf3 g6 4. Bc4 Bg7 5. d4 O-O 6. h3 c6 7. a3 Nxe4 8. Nxe4 d5 9. Ned2 dxc4 10. Nxc4 Be6 11. Nce5 Nd7 12. Be3 Nxe5 13. Nxe5 Qd5 14. Nf3 Rfd8 15. O-O h6 16. b3 b5 17. Rc1 a5 18. c4 bxc4 19. bxc4 Qd6 20. a4 Kh7 21. Qd2 Qb4 22. Qa2 Rab8 23. Ne5 Bxe5 24. dxe5 Qb2 25. Qxb2 Rxb2 26. Bc5 Rd7 27. Rc3 Ra2 28. Ra3 Bxc4 29. Rxa2 Bxa2 30. Ra1 Bb3 31. Bb6 Rd5 32. f4 g5 33. g3 Kg6 34. Bc7 gxf4 35. gxf4 Kf5 36. Kf2 e6 37. Ke3 c5 38. Bxa5 c4 39. Bd2 Rd3+ 40. Ke2 Rxh3 41. a5 c3 42. Bc1 Ke4 43. Kf2 Rh1 44. a6 Kd3 45. a7 Bd5 46. Ra5 Rh2+ 47. Kg3 1-0

[Event "CAN-op"]
[Site "Edmonton CAN"]
[Date "2000.07.08"]
[Round "1"]
[White "McLaughlin, Robert"]
[Black "Dean, Tim"]
[Result "0-1"]
[WhiteElo "1288"]
[BlackElo "1853"]
[PlyCount "64"]
[GameId "2160767911682029"]
[EventDate "2000.07.08"]
[EventType "swiss"]
[EventRounds "10"]
[EventCountry "CAN"]

1. e4 e5 2. Nc3 Bc5 3. Nf3 Nc6 4. Bb5 d6 5. d3 a6 6. Ba4 Bg4 7. Bxc6+ bxc6 8. O-O Rb8 9. h3 Bh5 10. Na4 Ba7 11. Bg5 Bxf3 12. Qxf3 Qxg5 13. Rab1 Nf6 14. Nc3 O-O 15. Rfd1 Rfd8 16. a3 d5 17. b4 Qg6 18. Rb3 dxe4 19. dxe4 Rxd1+ 20. Qxd1 Nxe4 21. Nxe4 Qxe4 22. Rd3 h6 23. Rd8+ Rxd8 24. Qxd8+ Kh7 25. Qd3 Qxd3 26. cxd3 c5 27. bxc5 Bxc5 28. a4 f5 29. Kf1 e4 30. dxe4 fxe4 31. Ke2 Kg6 32. f3 e3 0-1

[Event "CAN-op"]
[Site "Edmonton CAN"]
[Date "2000.07.08"]
[Round "1"]
[White "McMaster, Carolyn"]
[Black "Olson, Hans"]
[Result "1-0"]
[WhiteElo "1569"]
[BlackElo "2044"]
[PlyCount "67"]
[GameId "2160767911682030"]
[EventDate "2000.07.08"]
[EventType "swiss"]
[EventRounds "10"]
[EventCountry "CAN"]

1. e4 e5 2. Bc4 Nf6 3. d3 Bc5 4. Nf3 Nc6 5. c3 d6 6. b4 Bb6 7. Ng5 O-O 8. Qb3 Qe7 9. f4 Nd8 10. h3 Nh5 11. f5 h6 12. g4 Ng3 13. Rh2 hxg5 14. Qc2 c6 15. Qg2 Nxe4 16. dxe4 a5 17. Qg3 axb4 18. h4 gxh4 19. Rxh4 d5 20. Qh3 Qxh4+ 21. Qxh4 dxc4 22. cxb4 Bd4 23. g5 g6 24. Nd2 Bxa1 25. Nxc4 b5 26. Ne3 c5 27. Ng4 Ra6 28. Nh6+ Kh7 29. f6 Bc3+ 30. Bd2 Bxd2+ 31. Kxd2 Rxa2+ 32. Kc1 Ne6 33. Nf5+ Kg8 34. Ne7# 1-0

[Event "CAN-op"]
[Site "Edmonton CAN"]
[Date "2000.07.08"]
[Round "1"]
[White "Miller, Brian"]
[Black "Tsui, Alick"]
[Result "1-0"]
[WhiteElo "1854"]
[BlackElo "1106"]
[PlyCount "47"]
[GameId "2160767911682031"]
[EventDate "2000.07.08"]
[EventType "swiss"]
[EventRounds "10"]
[EventCountry "CAN"]

1. d4 Nf6 2. c4 g6 3. Nc3 Bg7 4. e4 d6 5. Be3 O-O 6. f3 b6 7. Bd3 Bb7 8. Nge2 Nbd7 9. Qd2 c6 10. g4 e5 11. d5 c5 12. Ng3 Kh8 13. h3 Ng8 14. h4 h6 15. g5 Kh7 16. O-O-O Ndf6 17. gxf6 Qxf6 18. h5 Rfe8 19. hxg6+ Qxg6 20. Rdg1 Kh8 21. Nf5 Ne7 22. Rxg6 Nxg6 23. Bxh6 Nf4 24. Bxf4+ 1-0

[Event "CAN-op"]
[Site "Edmonton CAN"]
[Date "2000.07.08"]
[Round "1"]
[White "Milne, Arthur"]
[Black "Sutton, Jack"]
[Result "0-1"]
[WhiteElo "1929"]
[BlackElo "1331"]
[PlyCount "49"]
[GameId "2160767911682032"]
[EventDate "2000.07.08"]
[EventType "swiss"]
[EventRounds "10"]
[EventCountry "CAN"]

1. g3 d5 2. Nf3 e6 3. Bg2 Nc6 4. c4 Nge7 5. O-O h6 6. b3 b6 7. Bb2 f6 8. d4 g5 9. Nc3 Bg7 10. e4 Ba6 11. Re1 dxc4 12. d5 exd5 13. exd5 cxb3 14. dxc6 Qxd1 15. Raxd1 Bc4 16. Rd7 Bf8 17. Ba3 Rd8 18. axb3 Bxb3 19. Bxe7 Bxe7 20. Rexe7+ Kf8 21. Nd4 Bc4 22. Bd5 Bxd5 23. Nxd5 Rc8 24. Ne6+ Kg8 25. Nxf6# 0-1

[Event "CAN-op"]
[Site "Edmonton CAN"]
[Date "2000.07.08"]
[Round "1"]
[White "Newton, Geoff"]
[Black "Deane, Lloyd"]
[Result "1-0"]
[WhiteElo "2044"]
[BlackElo "1582"]
[PlyCount "61"]
[GameId "2160767911682034"]
[EventDate "2000.07.08"]
[EventType "swiss"]
[EventRounds "10"]
[EventCountry "CAN"]

1. e4 Nf6 2. e5 Nd5 3. c4 Nb6 4. d4 d6 5. exd6 exd6 6. Nc3 Bf5 7. Be3 d5 8. c5 Nc4 9. Bxc4 dxc4 10. Qa4+ c6 11. Qxc4 Be7 12. Nf3 Nd7 13. O-O O-O 14. Rad1 Rc8 15. Rfe1 b6 16. b4 a5 17. a3 Bg4 18. Bf4 Bxf3 19. gxf3 axb4 20. axb4 Bg5 21. Bd6 Re8 22. Ne4 b5 23. Qb3 Nb6 24. cxb6 Rxe4 25. Rxe4 Qxd6 26. Rde1 Kf8 27. Qc3 Bf4 28. Qc5 g5 29. Rxf4 Qxc5 30. Rxf7+ Kxf7 31. dxc5 1-0

[Event "CAN-op"]
[Site "Edmonton CAN"]
[Date "2000.07.08"]
[Round "1"]
[White "Nishida, Harold"]
[Black "Stone, Gerald"]
[Result "1-0"]
[WhiteElo "2037"]
[BlackElo "1501"]
[PlyCount "51"]
[GameId "2160767911682035"]
[EventDate "2000.07.08"]
[EventType "swiss"]
[EventRounds "10"]
[EventCountry "CAN"]

1. e4 d5 2. exd5 Nf6 3. d4 Nxd5 4. Nf3 Bg4 5. Bc4 e6 6. c3 Be7 7. h3 Bxf3 8. Qxf3 O-O 9. Bd3 g6 10. Bh6 Re8 11. Nd2 Bf8 12. Bxf8 Rxf8 13. h4 Nd7 14. h5 c6 15. Qg3 Qe8 16. O-O-O N5f6 17. Rde1 Nb6 18. f4 Nbd5 19. hxg6 fxg6 20. f5 Rf7 21. fxg6 Rg7 22. gxh7+ Nxh7 23. Bxh7+ Kf7 24. Qe5 Nf6 25. Ref1 Ke7 26. Qxf6+ 1-0

[Event "CAN-op"]
[Site "Edmonton CAN"]
[Date "2000.07.08"]
[Round "1"]
[White "Nystrom, Kurtis"]
[Black "Hacatoglu, Kevork"]
[Result "0-1"]
[WhiteElo "1675"]
[BlackElo "2209"]
[PlyCount "36"]
[GameId "2160767911682036"]
[EventDate "2000.07.08"]
[EventType "swiss"]
[EventRounds "10"]
[EventCountry "CAN"]

1. e4 e6 2. d4 d5 3. Nc3 Bb4 4. e5 c5 5. Qg4 Ne7 6. Bd2 cxd4 7. Qxd4 Nbc6 8. Bb5 O-O 9. Bxc6 Nxc6 10. Qf4 f6 11. exf6 Rxf6 12. Qh4 Rf8 13. Qxd8 Rxd8 14. Nf3 e5 15. Ne2 Bc5 16. Rf1 Bg4 17. Nfg1 Rac8 18. Nc3 Nd4 0-1